| Поле | Инд. | ПП | Название | Значение |
|---|---|---|---|---|
| Тип записи | a | |||
| Библиографический уровень | m | |||
| 001 | Контрольный номер | 3b87e24f-0bfb-4cdd-a457-9913ab86cc4f | ||
| 005 | Дата корректировки | 20131111182726.7 | ||
| 008 | Кодируемые данные | 980427 d | ||
| 020 | c | Цена, тираж | 2200.00 | |
| 040 | a | Служба первич. каталог. | НБ ТвГУ | |
| 041 | a | Код языка текста | rus | |
| 080 | a | Индекс УДК | 530.3(075.8) | |
| 084 | a | Индекс другой классификации/Индекс ББК | В36я731-1 | |
| 090 | x | Авторский знак | Т31 | |
| a | Полочн. индекс | 530.3 | ||
| 100 | 1_ | a | Автор | Телеснин Роман Владимирович |
| 245 | 00 | a | Заглавие | Молекулярная физика |
| b | Продолж. заглавия | [Учеб. пособие для физ. спец. ун-тов] | ||
| c | Ответственность | Р. В. Телеснин | ||
| 250 | a | Основные сведения об издании | 2-е изд. | |
| b | Дополнительные сведения об издании | доп. | ||
| 260 | 0_ | a | Место издания | Москва |
| b | Издательство | Высшая школа | ||
| c | Дата издания | 1973 | ||
| 300 | a | Объем | 360 с. | |
| b | Иллюстрации/ тип воспроизводства | ил. | ||
| 500 | a | Примечание | Имен. и предм. указ.: с.354-356 | |
| 650 | a | Основная рубрика | Молекулярная физика | |
| x | Основная подрубрика | Учебники для вузов | ||
| 653 | a | Ключевые слова | Молекулярная физика | |
| a | Ключевые слова | Учебники | ||
| 852 | t | Порядковый номер экземпляра | 68 | |
| p | Инвентарный номер | 674468 | ||
| p | Инвентарный номер | 17941-99 | ||
| p | Инвентарный номер | 17941-98 | ||
| p | Инвентарный номер | 17941-97 | ||
| p | Инвентарный номер | 17941-96 | ||
| p | Инвентарный номер | 17941-95 | ||
| p | Инвентарный номер | 17941-94 | ||
| p | Инвентарный номер | 17941-93 | ||
| p | Инвентарный номер | 17941-92 | ||
| p | Инвентарный номер | 17941-89 | ||
| p | Инвентарный номер | 17941-88 | ||
| p | Инвентарный номер | 17941-87 | ||
| p | Инвентарный номер | 17941-83 | ||
| p | Инвентарный номер | 17941-81 | ||
| p | Инвентарный номер | 17941-80 | ||
| p | Инвентарный номер | 17941-78 | ||
| p | Инвентарный номер | 17941-76 | ||
| p | Инвентарный номер | 17941-74 | ||
| p | Инвентарный номер | 17941-72 | ||
| p | Инвентарный номер | 17941-71 | ||
| p | Инвентарный номер | 17941-70 | ||
| p | Инвентарный номер | 17941-69 | ||
| p | Инвентарный номер | 17941-68 | ||
| p | Инвентарный номер | 17941-67 | ||
| p | Инвентарный номер | 17941-66 | ||
| p | Инвентарный номер | 17941-65 | ||
| p | Инвентарный номер | 17941-64 | ||
| p | Инвентарный номер | 17941-63 | ||
| p | Инвентарный номер | 17941-61 | ||
| p | Инвентарный номер | 17941-60 | ||
| p | Инвентарный номер | 17941-57 | ||
| p | Инвентарный номер | 17941-56 | ||
| p | Инвентарный номер | 17941-54 | ||
| p | Инвентарный номер | 386247 | ||
| p | Инвентарный номер | 386248 | ||
| p | Инвентарный номер | 17941-2 | ||
| p | Инвентарный номер | 17941-3 | ||
| p | Инвентарный номер | 17941-4 | ||
| p | Инвентарный номер | 17941-6 | ||
| p | Инвентарный номер | 17941-8 | ||
| p | Инвентарный номер | 17941-9 | ||
| p | Инвентарный номер | 17941-10 | ||
| p | Инвентарный номер | 17941-12 | ||
| p | Инвентарный номер | 17941-13 | ||
| p | Инвентарный номер | 17941-14 | ||
| p | Инвентарный номер | 17941-15 | ||
| p | Инвентарный номер | 17941-16 | ||
| p | Инвентарный номер | 17941-18 | ||
| p | Инвентарный номер | 17941-19 | ||
| p | Инвентарный номер | 17941-21 | ||
| p | Инвентарный номер | 17941-23 | ||
| p | Инвентарный номер | 17941-24 | ||
| p | Инвентарный номер | 17941-25 | ||
| p | Инвентарный номер | 17941-26 | ||
| p | Инвентарный номер | 17941-27 | ||
| p | Инвентарный номер | 17941-29 | ||
| p | Инвентарный номер | 17941-31 | ||
| p | Инвентарный номер | 17941-34 | ||
| p | Инвентарный номер | 17941-36 | ||
| p | Инвентарный номер | 17941-37 | ||
| p | Инвентарный номер | 17941-38 | ||
| p | Инвентарный номер | 17941-40 | ||
| p | Инвентарный номер | 17941-43 | ||
| p | Инвентарный номер | 17941-44 | ||
| p | Инвентарный номер | 17941-49 | ||
| p | Инвентарный номер | 17941-50 | ||
| p | Инвентарный номер | 17941-51 | ||
| p | Инвентарный номер | 18850-52 | ||
| 930 | a | Новая/Ретро | Учебники | |
| 999 | a | Подразделение 2 | Фил3 |